| 000 | 01974nam0a2200409 4500 | ||
|---|---|---|---|
| 001 | RU\NLR\BIBL_A\011622855 | ||
| 005 | 20180411150412.0 | ||
| 010 |
_a978-5-7205-1400-6 _9500 |
||
| 021 |
_aRU _bКН-П-18-000102 _9КН-П-18-0007 |
||
| 035 | _a(NLR Aleph) 011622855 | ||
| 035 | _a(RuMoRGB)009509265 | ||
| 090 |
_a10993273 _c10993273 |
||
| 100 | _a20180206d2018 u y0rusy50 ca | ||
| 101 | 0 |
_arus _deng |
|
| 102 | _aRU | ||
| 105 | _ay|||j|||000zy | ||
| 200 | 1 |
_aПравовое регулирование бесплатного оказания медицинской помощи _dLegal regulation of free medical assistance _eучебное пособие _e[для студентов юридических вузов] _fТ.К. Миронова _zeng |
|
| 210 |
_aМосква _cЮстицинформ _d2018 [т.е. 2017] |
||
| 215 |
_a347 с. _d21 |
||
| 225 | 1 | _aСерия Образование | |
| 300 | _aАвт. также на англ. яз.: Т.К. Mironova | ||
| 300 | _aНа 4-й с. обл. авт.: Миронова Т.К., д-р наук | ||
| 300 | _aКн. фактически изд. в 2017 г. | ||
| 300 | _aРез. англ. | ||
| 320 | _aБиблиогр.: с. 291-347 и в конце гл. | ||
| 510 | 1 |
_6z33790 _aLegal regulation of free medical assistance _zeng |
|
| 606 | 1 |
_aМедицинская помощь _xПравовые вопросы _yРоссийская Федерация _jУчебные издания для высших учебных заведений _2nlr_sh1 _2nlr_sh2 _3RU\NLR\AUTH\661307032 |
|
| 686 |
_aР11(2)2я73-1 _2rubbk |
||
| 686 |
_aХ621.154я73-1 _2rubbk |
||
| 686 | 1 | _aХ621.154я73 | |
| 700 | 1 |
_aМиронова _bТ. К. _gТамара Карловна _3RU\NLR\AUTH\770185361 |
|
| 790 | 1 |
_6z33510 _aMironova _bT. K. _gTamara Karlovna _3RU\NLR\AUTH\770185362 |
|
| 942 | _cBOOK | ||
| 980 | _aNBR | ||
| 980 | _aNB | ||